Vedecká rozprava k problémom terminológie logistiky zborník k vedeckému projektu VEGA 1/0478/03 v redakcii Kristíny Viestovej
Gespeichert in:
| Körperschaft: | |
|---|---|
| Weitere Verfasser: | , , |
| Format: | Buch |
| Sprache: | Slowakisch |
| Veröffentlicht: |
Bratislava
[Obchodná fakulta EU]
2004
|
| Schlagworte: | |
| Tags: |
Keine Tags, Fügen Sie das erste Tag hinzu!
|
MARC
| LEADER | 00000nam$a2200000$$$4500 | ||
|---|---|---|---|
| 001 | 0091518 | ||
| 005 | 20240104094946.3 | ||
| 020 | |a 80-225-1919-7 | ||
| 041 | 0 | |a slo | |
| 044 | |a SK | ||
| 245 | 1 | 0 | |a Vedecká rozprava k problémom terminológie logistiky |b zborník k vedeckému projektu VEGA 1/0478/03 v redakcii Kristíny Viestovej |
| 264 | 1 | |a Bratislava |b [Obchodná fakulta EU] |c 2004 | |
| 300 | |a 100 s. | ||
| 610 | 2 | 0 | |a logistika |
| 610 | 2 | 0 | |a doprava |
| 610 | 2 | 0 | |a zásobovanie |
| 610 | 2 | 0 | |a reťazce logistické |
| 610 | 2 | 0 | |a reťazce distribučné |
| 610 | 2 | 0 | |a prostredie životné |
| 700 | 1 | |a Viestová, Kristína | |
| 700 | 1 | |a Stern, Juraj | |
| 700 | 1 | |a Kulčáková, Marta | |
| 710 | 2 | |a Obchodná fakulta EU. Katedra marketingu | |